[Event "33rd ECCC Open 2017"]
[Site "Antalya"]
[Date "2017.10.16"]
[Round "7"]
[White "Najer, Evgeniy"]
[Black "Mamedyarov, Shakhriyar"]
[Result "0-1"]
[WhiteElo "2699"]
[BlackElo "2791"]
[Annotator "TA"]
[PlyCount "114"]
[EventType "team-tourn"]
[EventCountry "TUR"]
[SourceTitle "playchess.com"]
[Source "ChessBase"]
[SourceQuality "1"]
[WhiteTeam "Legacy Square Capital"]
[BlackTeam "Globus"]

{[%evp 26,114,35,24,24,27,37,25,32,12,18,9,17,18,12,8,22,0,-2,-1,0,0,0,0,0,-20,-20,-30,-27,-22,-20,-21,-33,-33,-20,-18,0,0,19,16,12,0,0,0,0,-2,12,0,-4,-14,-14,-16,-14,-14,-14,-36,-44,-34,-16,-16,-16,-16,-16,-16,-16,-16,-17,-28,-37,-83,-243,-480,-403,-494,-456,-650,-641,-29978,-6713,-29981,-29981,-29984,-29985,-29987,-29988,-29989,-29990,-29990,2977,-29987,-29988]} 1. e4 e5 2. Nf3 Nc6 3. Bb5 a6 4. Ba4 Nf6 5. O-O Be7 6. Re1 d6 7. c3 Bg4 8. h3 Bh5 9. d3 Nd7 {C87: Closed Ruy Lopez: Steinitz-type lines after 6 Re1 d6} (9... Qd7 10. Bg5 h6 11. Bxf6 Bxf3 12. Qxf3 Bxf6 13. Nd2 O-O 14. Nf1 b5 15. Bc2 Nd8 16. d4 Ne6 17. d5 Nf4 {½-½ (28) Ponomariov,R (2715)-Demchenko,A (2589) Gjakova 2016}) 10. Nbd2 {[%cal Bb1d2,Bd2f1,Bf1g3,Bg3f5][%mdl 32]} Nc5 11. Bc2 Ne6 12. Nf1 Ng5 13. Bxg5 Bxg5 14. Ng3 {LiveBook: 38 Games} Bxf3 15. Qxf3 O-O 16. Rad1 Qf6 17. Qxf6 Bxf6 18. Nf5 $146 Ne7 19. Ne3 g6 20. Bb3 Bg7 21. Nd5 Nxd5 22. Bxd5 c6 23. Bb3 a5 24. a4 Kh8 25. d4 exd4 26. cxd4 Ra6 27. Bc2 Rb6 28. b3 Rb4 29. e5 d5 30. f4 f5 31. Rf1 Bh6 32. g3 Kg8 33. Rf3 Kf7 34. Kf2 Ke6 35. Rc3 Rc8 36. Kf3 Bf8 37. Ke2 Be7 38. Rcd3 Rf8 39. Rf3 h5 40. Rff1 c5 41. dxc5 Bxc5 42. h4 Re4+ 43. Bxe4 fxe4 $11 {[%mdl 4096] Endgame KRR-KRB} 44. Rc1 $1 {[%cal Rc1c5]} b6 45. b4 $1 {[%cal Rb4c5]} axb4 {...Ra8 is the strong threat.} 46. a5 $1 {[%cal Ra5b6] Strongly threatening axb6.} d4 $1 {[%cal Bd5d4,Bd4d3][%mdl 32] Threatens to win with ...Ra8.} ({Don't go for} 46... Ra8 $2 47. axb6 Ra2+ 48. Kd1 $18 (48. Ke1 Bd4 $18)) 47. axb6 Kd5 48. b7 $2 (48. e6 {was worth a try.} b3 49. Rb1 d3+ 50. Ke1) 48... Rb8 49. f5 {[#] aiming for Rxc5+!} d3+ $1 50. Kd2 (50. Kd1 $142 e3 51. Rf4) 50... Kd4 $19 51. Rxc5 e3+ 52. Kc1 Kxc5 53. fxg6 Kd4 54. Rf7 b3 {[%cal Bb4b3,Bb3b2][%mdl 32]} 55. g7 e2 56. Kd2 {[#]} e1=Q+ $1 {[%mdl 512]} 57. Kxe1 b2 {Precision: White = 52%, Black = 78%.} 0-1

[Event "33rd ECCC Open 2017"]
[Site "Antalya"]
[Date "2017.10.15"]
[Round "7"]
[White "Rodshtein, Maxim"]
[Black "Dvirnyy, Danyyil"]
[Result "1/2-1/2"]
[WhiteElo "2699"]
[BlackElo "2542"]
[Annotator "TA"]
[PlyCount "82"]
[EventType "team-tourn"]
[EventCountry "TUR"]
[SourceTitle "playchess.com"]
[Source "ChessBase"]
[SourceQuality "1"]
[WhiteTeam "Mednyi Vsadnik"]
[BlackTeam "Padova"]

{[%evp 9,82,0,18,24,37,0,2,2,0,0,9,0,25,23,15,5,16,6,17,-17,-9,-9,1,-37,-17,-40,-33,-53,-17,-36,-16,-20,-23,-29,-6,-36,-32,-33,3,4,12,0,0,-20,-23,-36,0,-23,-22,-22,-22,-50,-7,-7,-8,-27,-27,-14,-4,-25,-22,-28,-27,-33,-31,-8,0,0,0,0,0,0,0,0,8]} 1. d4 d5 2. c4 c6 3. Nf3 Nf6 4. g3 dxc4 5. Bg2 g6 6. O-O {D11: Slav Defence: 3 Nf3 sidelines and 3...Nf6 4 e3 Bg4} Bg7 (6... Nbd7 7. Qc2 Nb6 8. Nbd2 Bg7 9. Rd1 O-O 10. a4 a5 11. e4 Bg4 12. h3 Bxf3 13. Nxf3 {1-0 (24) Grischuk,A (2752)-Aronian,L (2784) chess.com INT 2016}) 7. a4 {[%mdl 1024] White has compensation.} Ne4 8. Qc2 Nd6 9. e4 Na6 10. Na3 Be6 11. Qe2 O-O 12. Rd1 Qc8 13. Bg5 $146 ({Predecessor:} 13. e5 Nf5 14. Nxc4 {0-1 (26) Horvath,D (2380)-Erdos,V (2585) Hungary 2016}) 13... Re8 14. e5 Nf5 15. Nxc4 Qd7 16. Rd2 Rad8 17. Rad1 Nc7 18. Ne3 Nxe3 19. Bxe3 Bb3 20. Ra1 Bd5 21. h4 Qg4 22. Ng5 Qxe2 23. Rxe2 Bxg2 24. Kxg2 f6 25. Nf3 Rd5 26. Rae1 Kf7 27. b4 h5 28. Rc2 a6 29. Rb1 Red8 30. Rcb2 fxe5 31. dxe5 Ne6 32. Bb6 R8d7 33. Re1 Rd1 34. Re4 R7d5 35. Be3 Ra1 36. b5 axb5 37. axb5 cxb5 {The position is equal.} 38. Reb4 Bxe5 39. Rd2 Bc3 {[#] Threatens to win with ...Rxd2.} 40. Rxd5 Bxb4 41. Rxb5 Bd6 {Precision: White = 47%, Black = 55%.} 1/2-1/2

[Event "33rd ECCC Open 2017"]
[Site "Antalya"]
[Date "2017.10.15"]
[Round "7"]
[White "Mamedov, Rauf"]
[Black "Harikrishna, P."]
[Result "1/2-1/2"]
[WhiteElo "2678"]
[BlackElo "2733"]
[Annotator "TA"]
[PlyCount "81"]
[EventType "team-tourn"]
[EventCountry "TUR"]
[SourceTitle "playchess.com"]
[Source "ChessBase"]
[SourceQuality "1"]
[WhiteTeam "Odlar Yurdu"]
[BlackTeam "Novy Bor"]

{[%evp 21,81,19,30,28,22,0,0,0,0,0,0,0,0,0,0,-11,0,0,0,0,15,15,10,3,2,9,14,0,7,7,7,0,0,0,41,0,0,0,0,0,0,0,0,0,0,0,0,0,0,0,0,0,0,0,0,0,0,0,0,0,0,0]} 1. e4 e6 2. d4 d5 3. Nd2 c5 4. Ngf3 Nc6 5. exd5 exd5 6. Bb5 Qe7+ 7. Be2 Qc7 {C09: Französische Verteidigung (Tarrasch-Variante)} 8. O-O Nf6 9. Bb5 cxd4 10. Re1+ Be7 11. Qe2 a6 {LiveBook: 3 Partien} 12. Bxc6+ $1 bxc6 13. Nxd4 Ra7 14. Qe5 c5 {[#] Und weiter mit ...Dxe5 wäre nett.} 15. Nf5 $146 ({Vorgänger:} 15. Qe6) 15... Qxe5 16. Rxe5 Bxf5 17. Rxf5 O-O 18. b3 a5 19. a4 g6 20. Re5 Bd6 21. Re1 Rc8 22. Bb2 Nd7 23. Rad1 Bf8 24. Nb1 Nb6 25. Nc3 Rd7 26. Nb5 Bg7 27. Bc1 h5 28. g3 d4 {Die Stellung ist ausgeglichen.} 29. Bd2 Ra8 $1 30. c4 dxc3 $1 31. Bxc3 Bxc3 32. Nxc3 Rxd1 33. Rxd1 $11 {[%mdl 4096] Endspiel KTS-KTS} c4 34. Rd6 Rb8 35. bxc4 Nxc4 36. Rc6 Rb4 37. Rc5 Nb2 38. Rb5 Kf8 39. Rxa5 {Ta8+ ist eine echte Drohung.} Rc4 $1 {[%cal Rc4c3]} 40. Ra8+ Kg7 41. Nb5 {Precision: Weiß = 67%, Schwarz = 81%.} 1/2-1/2

[Event "33rd ECCC Open 2017"]
[Site "Antalya"]
[Date "2017.10.15"]
[Round "7"]
[White "Sasikiran, Krishnan"]
[Black "Abasov, Nijat"]
[Result "1-0"]
[WhiteElo "2677"]
[BlackElo "2587"]
[Annotator "TA"]
[PlyCount "115"]
[EventType "team-tourn"]
[EventCountry "TUR"]
[SourceTitle "playchess.com"]
[Source "ChessBase"]
[SourceQuality "1"]
[WhiteTeam "Novy Bor"]
[BlackTeam "Odlar Yurdu"]

{[%evp 28,115,30,31,21,18,8,8,15,17,49,47,36,33,47,16,45,6,18,0,0,0,20,15,62,67,68,58,57,66,58,58,54,53,52,50,65,0,0,0,0,0,0,0,0,0,26,12,12,0,0,0,4,0,0,0,0,0,1477,2193,2383,1765,2002,2024,1395,793,29966,29969,29976,29977,29977,29978,29978,29979,29979,29980,29980,29981,29981,29982,29982,29981,29981,29982,29983,29984,29984,29985,29985,29986]} 1. e4 e5 2. Nf3 Nc6 3. Bb5 Nf6 4. O-O Nxe4 5. d4 Nd6 6. Bxc6 dxc6 7. dxe5 Nf5 8. Qxd8+ Kxd8 9. h3 Ke8 10. Nc3 h5 {C67: Ruy Lopez: Berlin Defence: 4 0-0 Nxe4} 11. Ne2 Be7 12. Bg5 Be6 13. Nf4 Bd5 14. Nxd5 cxd5 15. Rad1 {LiveBook: 10 Games} c6 16. Rfe1 h4 17. Rd3 Bxg5 18. Nxg5 {[#]} Rh5 $146 19. Nf3 a5 20. Kh2 Ke7 21. a4 Rd8 22. Red1 Rhh8 23. g4 hxg3+ $1 24. fxg3 d4 25. Rb3 Rd7 26. g4 $36 {[%mdl 2048] White has good play.} Ne3 27. Rxd4 Rxd4 28. Nxd4 Nxg4+ $1 $14 {[%mdl 4096] Endgame KRN-KRN} 29. Kg3 Nxe5 30. Rxb7+ Kd6 31. Ra7 Kc5 32. Nf5 (32. Nb3+ $14 Kb6 33. Rxa5) 32... Kb6 $11 33. Re7 Nc4 34. b3 g6 35. bxc4 {Nd6 is the strong threat.} gxf5 {KR-KR} 36. Re5 Rh5 37. c5+ Ka6 38. Re3 f4+ 39. Kxf4 Rxc5 40. h4 {aiming for Rh3.} Rc4+ $1 41. Re4 Rxc2 42. h5 {And now Kg5 would win.} Rf2+ $2 {[%mdl 8192]} (42... c5 $11) 43. Kg5 $18 f6+ 44. Kg6 f5 {[#]} 45. Rh4 $1 f4 {[#]} 46. Kf5 $1 ({Not} 46. h6 Rg2+ 47. Kf7 f3 $11) 46... Rb2 47. Kxf4 {White mates.} Rb8 48. h6 Kb6 49. h7 Rh8 50. Kg5 c5 51. Kg6 Kc6 52. Kg7 Rd8 53. h8=Q Rxh8 54. Kxh8 Kd5 55. Kg7 c4 56. Rh5+ Kc6 57. Rxa5 c3 58. Rh5 {Precision: White = 72%, Black = 51%.} 1-0

[Event "33rd ECCC Open 2017"]
[Site "Antalya"]
[Date "2017.10.16"]
[Round "7"]
[White "Grachev, Boris"]
[Black "Karjakin, Sergey"]
[Result "1-0"]
[WhiteElo "2645"]
[BlackElo "2765"]
[Annotator "TA"]
[PlyCount "103"]
[EventType "team-tourn"]
[EventCountry "TUR"]
[SourceTitle "playchess.com"]
[Source "ChessBase"]
[SourceQuality "1"]
[WhiteTeam "Legacy Square Capital"]
[BlackTeam "Globus"]

{[%evp 27,103,5,12,11,6,2,13,3,7,0,20,9,9,8,8,8,8,6,5,3,10,8,15,15,16,12,12,10,25,10,17,18,27,27,27,27,27,27,27,12,12,12,12,0,27,12,19,20,28,23,23,20,23,20,23,21,132,141,114,0,34,35,35,35,35,35,35,36,35,39,807,783,1071,1056,1062,1056,980,948]} 1. d4 Nf6 2. c4 e6 3. Nc3 Bb4 4. Qc2 d5 5. cxd5 Qxd5 6. e3 c5 7. Bd2 {[%cal Bc1d2,Bd2c3,Bc3d4][%mdl 32]} Bxc3 8. Bxc3 cxd4 9. Bxd4 Nc6 10. Bc3 O-O {E34: Nimzoindisch (4.Dc2)} 11. Nf3 Rd8 12. Be2 Qe4 13. Rc1 Qxc2 14. Rxc2 Nd5 {LiveBook: 6 Partien} (14... Ne4 15. Ne5 Bd7 16. Nxc6 Bxc6 17. Ba5 Rdc8 18. f3 {½-½ (54) Nakamura,H (2785)-Karjakin,S (2781) Stavanger 2017}) 15. Ne5 {[#]} Nxe5 $146 ({Vorgänger:} 15... Ndb4 16. Rd2 Rxd2 17. Kxd2 Nxa2 18. Nxc6 Nxc3 19. Kxc3 bxc6 {½-½ (48) Prohaszka,P (2588)-Rozentalis,E (2600) Koge 2014}) 16. Bxe5 b6 17. a3 f6 18. Bg3 Bb7 19. O-O {zielt auf e4 ab.} Rac8 20. Rfc1 e5 21. Rxc8 (21. Kf1 {seems wilder.} Rxc2 22. Rxc2 Kf8 23. Bb5 Rc8 24. Rxc8+ Bxc8 25. Ke2) 21... Rxc8 22. Rxc8+ Bxc8 $11 {[%mdl 4096] Endspiel KLL-KLS} 23. Kf1 Be6 24. Ke1 Ne7 25. e4 Nc8 26. Kd2 Nd6 27. Bd3 Kf7 28. f4 exf4 29. Bxf4 Nc4+ 30. Kc3 Ne5 31. Bb5 Ke7 32. Kd4 Kd6 33. h4 h6 34. b4 Bb3 35. Be2 Bf7 36. Bd1 Be6 37. Bg3 b5 38. Be2 Bd7 $1 39. Bf4 Be8 40. Bh2 Bd7 41. Bh5 Be6 (41... g5 $11) 42. Be8 $1 $16 Bc4 {[#]} 43. Bh5 (43. a4 $1 $16) 43... Bf1 44. Bf3 g6 45. Bf4 g5 46. hxg5 hxg5 47. Bg3 Bc4 $1 48. a4 {[%cal Ba3a4,Ba4a5][%mdl 32]} a6 $2 {[%mdl 8192] [#]} (48... Bf1 $14) 49. a5 $1 $18 {Weiß steht klar auf Gewinn.} Bf1 50. Bh2 Bc4 51. Bg4 Bf1 52. Bh3 {Precision: Weiß = 69%, Schwarz = 55%.} 1-0

[Event "33rd ECCC Open 2017"]
[Site "Antalya"]
[Date "2017.10.14"]
[Round "7"]
[White "Efimenko, Zahar"]
[Black "Arnaudov, G  Petar"]
[Result "1/2-1/2"]
[WhiteElo "2636"]
[BlackElo "2441"]
[Annotator "TA"]
[PlyCount "114"]
[EventType "team-tourn"]
[EventCountry "TUR"]
[SourceTitle "playchess.com"]
[Source "ChessBase"]
[SourceQuality "1"]
[WhiteTeam "Beer Sheva"]
[BlackTeam "Asseco See"]

{[%evp 22,114,40,50,63,52,62,22,179,81,91,65,36,7,63,-4,0,0,0,0,0,0,0,0,4,0,0,0,0,0,0,0,0,0,0,0,0,0,0,0,0,0,0,0,0,0,0,0,0,0,0,0,0,0,0,-10,-9,-9,-6,-4,-6,-10,-6,-9,-7,-8,-8,-12,-9,-9,-9,-10,-10,-19,0,0,0,-10,0,0,0,0,0,0,0,0,0,0,0,0,0,0,0,0,0]} 1. e4 e5 2. Nf3 Nc6 3. Bb5 a6 4. Ba4 d6 5. O-O Bg4 6. Bxc6+ bxc6 7. h3 h5 8. d4 {C72: Spanische Partie (Moderne Steinitz-Verteidigung)} (8. d3 Bxf3 9. Qxf3 Qf6 10. Qd1 g5 11. Nc3 Ne7 12. g3 Bg7 13. Kh2 Qg6 14. f4 exf4 15. gxf4 g4 {0-1 (45) Anand,V (2784)-Demuth,A (2535) Gibraltar 2016}) 8... Bxf3 9. Qxf3 exd4 10. c3 Qf6 11. Qd3 g5 12. cxd4 {LiveBook: 3 Partien} Ne7 13. Nc3 g4 14. Re1 Kd8 $146 {[#]} (14... gxh3 $11 {und Schwarz steht sicher.} 15. Qxh3 Qxd4) ({Vorgänger:} 14... gxh3 15. e5 Qf5 {1-0 (66) Neiksans,A (2570)-Jezov,R (2229) Vilnius 2014}) 15. e5 (15. h4 $1 $18) 15... Qf5 16. Qxf5 Nxf5 17. hxg4 hxg4 (17... Nxd4 $11 18. Bg5+ Kd7) 18. d5 (18. Re4 $1 $14) 18... c5 {Die Stellung ist ausgeglichen.} 19. Bg5+ Kd7 20. Bf6 Bg7 21. Bxg7 Nxg7 22. Ne4 Nh5 23. g3 f5 24. exf6 Raf8 25. Kg2 {[#] zielt auf Th1 ab.} Nxf6 26. Nxf6+ Rxf6 $11 {[%mdl 4096] Endspiel KTT-KTT} 27. Re4 Rh5 28. Rd1 Rhf5 29. Rd2 Rg6 30. Ra4 Rgg5 31. b3 Re5 32. Kf1 Ref5 33. Re4 Re5 34. Rf4 Ref5 35. Kg2 Re5 36. Rf7+ Re7 37. Rxe7+ Kxe7 {KT-KT} 38. f3 gxf3+ 39. Kxf3 Kf6 40. g4 Re5 41. Kf4 Kg6 42. Kf3 a5 43. Kf4 Re1 44. Kf3 Rf1+ 45. Ke3 Kg5 46. Kd3 Rf4 47. Rh2 Rxg4 48. Rh7 Kf6 49. Rxc7 Ke5 50. a4 Kxd5 {Weiss muss nun ...Tg3+ beachten.} 51. Ra7 Rg3+ 52. Kc2 Kd4 {Droht ...Tg2+ und aus.} 53. Rxa5 Rg2+ 54. Kb1 $1 Kc3 55. Rb5 Rg1+ 56. Ka2 Rg2+ 57. Kb1 Rg1+ {Precision: Weiß = 75%, Schwarz = 63%.} 1/2-1/2

[Event "33rd ECCC Open 2017"]
[Site "Antalya"]
[Date "2017.10.15"]
[Round "7"]
[White "Safarli, Eltaj"]
[Black "Ragger, Markus"]
[Result "1/2-1/2"]
[WhiteElo "2632"]
[BlackElo "2659"]
[Annotator "TA"]
[PlyCount "106"]
[EventType "team-tourn"]
[EventCountry "TUR"]
[SourceTitle "playchess.com"]
[Source "ChessBase"]
[SourceQuality "1"]
[WhiteTeam "Odlar Yurdu"]
[BlackTeam "Novy Bor"]

{[%evp 21,106,-1,0,-1,-3,-7,0,-10,-15,-10,-11,-8,0,4,0,0,11,0,0,-62,0,0,0,-6,0,-6,-6,-15,-6,-8,-8,-8,-6,-38,-37,-57,0,-67,-21,-30,0,0,0,0,0,0,0,0,0,0,0,0,0,0,40,40,40,40,40,40,40,40,40,40,40,14,70,70,70,70,70,70,70,70,70,70,70,70,70,8,8,8,8,8,8,8,8]} 1. e4 e5 2. Nf3 Nc6 3. Bb5 a6 4. Ba4 Nf6 5. O-O Be7 6. Re1 b5 7. Bb3 O-O 8. a4 b4 9. d4 d6 10. h3 exd4 {C88: Closed Ruy Lopez: Anti-Marshall Systems} 11. Nxd4 Na5 {LiveBook: 8 Games} 12. c3 (12. Ba2 c5 13. Nb3 Nc6 14. Bf4 Be6 15. N3d2 d5 16. e5 Nd7 17. Nf3 c4 18. Nbd2 {0-1 (53) Vachier Lagrave,M (2745)-Karjakin,S (2756) Beijing 2013}) 12... bxc3 13. Nxc3 $146 ({Predecessor:} 13. Bd5 cxb2 14. Bxb2 Nxd5 15. exd5 Bd7 16. Bc3 Nb7 17. Nd2 Nc5 18. Nc4 {0-1 (39) Kotronias,V (2415)-Hjartarson,J (2250) Thessaloniki 1988}) 13... c5 14. Nf5 Bxf5 15. exf5 Nxb3 16. Qxb3 d5 {[%cal Bd6d5,Bd5d4,Bd4d3][%mdl 32]} 17. Qb7 Re8 18. Bg5 d4 19. Bxf6 Bxf6 20. Rxe8+ Qxe8 21. Ne4 d3 22. Rd1 Rd8 23. Nxc5 Qe2 $36 {[%mdl 2048] White is under pressure.} 24. Qf3 {[%cal Rc5d3]} Qxb2 25. Nxd3 Qb3 26. Re1 Qxa4 27. Nf4 (27. Nc5 $5 {[%cal Rc5a4]} Qb5 28. Ne4 $11) 27... Qb4 28. Re4 Qd6 ({Better is} 28... Qb5 $15) 29. Nh5 (29. Nd5 $11) 29... Be5 {[#] ( -> ...Qd1+)} 30. g3 Qd1+ 31. Qxd1 Rxd1+ $11 {[%mdl 4096] Endgame KRB-KRN} 32. Kg2 f6 33. f4 Bd6 34. Ra4 Kf7 35. Rxa6 {[#] Threatens to win with Ra7+.} g6 36. Ra7+ Be7 37. Ng7 Kxg7 38. Rxe7+ {KR-KR} Kg8 39. fxg6 hxg6 40. h4 Kf8 41. Ra7 (41. Rc7 {keeps more tension.} Rd4 42. Ra7 Rd5 43. Ra8+ Kg7 44. Kf3) 41... Rd4 42. Ra5 Kg7 43. f5 {Black should prevent Kh3.} gxf5 (43... g5 $1 $11) 44. Rxf5 $14 Kg6 45. Rf3 Ra4 46. Re3 f5 47. Re6+ Kg7 48. Kf3 Rb4 49. Ra6 Rc4 50. h5 ({White should try} 50. Rd6 $14) 50... Rg4 $11 {The position is equal.} 51. Rd6 Rg5 52. h6+ Kh7 53. Rf6 Rg8 {Precision: White = 64%, Black = 77%.} 1/2-1/2

[Event "33rd ECCC Open 2017"]
[Site "Antalya"]
[Date "2017.10.15"]
[Round "7"]
[White "Erdos, Viktor"]
[Black "Eljanov, Pavel"]
[Result "1/2-1/2"]
[WhiteElo "2624"]
[BlackElo "2720"]
[Annotator "TA"]
[PlyCount "77"]
[EventType "team-tourn"]
[EventCountry "TUR"]
[SourceTitle "playchess.com"]
[Source "ChessBase"]
[SourceQuality "1"]
[WhiteTeam "Baia Mare"]
[BlackTeam "Alkaloid"]

{[%evp 24,77,10,21,17,12,17,14,20,0,0,0,0,0,0,0,0,0,0,0,0,0,0,0,28,28,30,22,60,52,64,76,114,103,112,112,105,83,81,92,90,76,73,68,67,73,77,0,81,0,70,80,92,57,82,0]} 1. Nf3 Nf6 2. c4 b6 3. g3 Bb7 4. Bg2 e6 5. O-O Be7 6. d4 O-O 7. Nc3 Ne4 8. Bd2 Bf6 9. Ne5 {E18: Queen's Indian: Old Main Line (4 g3 Bb7 5 Bg2 Be7 6 0-0 0-0 7 Nc3)} Nxc3 10. Bxc3 Bxg2 11. Kxg2 c5 12. Ng4 Bxd4 13. Bxd4 {LiveBook: 4 Games} cxd4 14. Qxd4 Nc6 15. Qd6 Qg5 16. Ne3 {[#]} Rad8 $146 ({Predecessor:} 16... Rfd8) 17. Rfd1 f5 18. f4 Qf6 19. Rd2 g5 20. Kh1 gxf4 21. gxf4 Kh8 22. Rg1 Rg8 {Black wants to play ...Rxg1+.} 23. Rg3 Rxg3 24. hxg3 h5 25. Ng2 Qg7 26. Kh2 Rg8 27. Qd3 Qf6 28. Nh4 Rg7 29. Qf3 Qf7 30. e4 fxe4 31. Qxe4 Kg8 32. Nf3 Qf6 33. Kh3 Re7 34. Nh4 Rg7 35. Nf3 Re7 $1 36. Nh4 Rg7 37. a3 a5 38. Nf3 Re7 39. Nh4 {Precision: White = 74%, Black = 79%.} (39. Rd6 $16) 1/2-1/2

[Event "33rd ECCC Open 2017"]
[Site "Antalya"]
[Date "2017.10.16"]
[Round "7"]
[White "Popov, Ivan"]
[Black "Nepomniachtchi, Ian"]
[Result "0-1"]
[WhiteElo "2609"]
[BlackElo "2733"]
[Annotator "TA"]
[PlyCount "72"]
[EventType "team-tourn"]
[EventCountry "TUR"]
[SourceTitle "playchess.com"]
[Source "ChessBase"]
[SourceQuality "1"]
[WhiteTeam "Legacy Square Capital"]
[BlackTeam "Globus"]

{[%evp 22,71,18,8,16,10,20,0,0,0,14,17,31,-36,38,-35,30,-38,-34,-57,-47,-77,-56,-61,-33,-116,-106,-136,-111,-116,-134,-181,-138,-287,-295,-631,-614,-678,-627,-1117,-1068,-1171,-1157,-29990,-29991,-29991,-29992,-29994,-29995,-29998,-29999,-29999]} 1. e4 c5 2. Nf3 d6 3. d4 cxd4 4. Nxd4 Nf6 5. Nc3 a6 6. h3 e5 7. Nde2 h5 {B90: Sicilian Najdorf: Unusual White 6th moves, 6 Be3 Ng4 and 6 Be3 e5} 8. Bg5 Be6 9. Bxf6 Qxf6 10. Nd5 Qd8 11. Qd3 Nd7 12. O-O-O {LiveBook: 21 Games} g6 13. Kb1 Nc5 14. Qf3 Bg7 15. Nec3 {[#]} O-O $146 16. g4 h4 17. Rg1 (17. Qe3 $1 $14) 17... Qg5 (17... Bh6 $15) 18. Ne3 (18. Nb6 $14) 18... Rad8 ({Black should try} 18... Rfd8 $1 $15) 19. Ncd5 (19. a3 $11) 19... b5 $15 20. Be2 Rb8 21. Qh1 Rfd8 22. Nb4 {With the idea Nc6.} Rbc8 23. Nf5 (23. Nbd5 $15) 23... a5 $17 24. Nd3 {[#]} d5 $1 25. Nxc5 Rxc5 26. Bd3 Bf8 ({Don't play} 26... dxe4 27. Qxe4 Bf6 28. Qe3 $17) 27. exd5 (27. Qf3 $17) 27... Bxd5 $19 28. Qh2 $2 (28. f3) 28... Bf3 29. Rde1 e4 30. Bxe4 Bxe4 31. Rxe4 Qd2 {( -> ...Qd1+!)} ({Stronger than} 31... gxf5 32. gxf5 Bg7 33. Reg4 $11) 32. Ne3 Rxc2 {Black mates.} 33. Qe5 Bg7 34. Qe8+ Kh7 35. Nxc2 {[#]} Qd1+ $1 {[%mdl 512]} 36. Rxd1 Rxd1# {Precision: White = 20%, Black = 71%.} 0-1

[Event "33rd ECCC Open 2017"]
[Site "Antalya"]
[Date "2017.10.16"]
[Round "7"]
[White "Vocaturo, Daniele"]
[Black "Svidler, Peter"]
[Result "0-1"]
[WhiteElo "2607"]
[BlackElo "2760"]
[Annotator "TA"]
[PlyCount "100"]
[EventType "team-tourn"]
[EventCountry "TUR"]
[SourceTitle "playchess.com"]
[Source "ChessBase"]
[SourceQuality "1"]
[WhiteTeam "Padova"]
[BlackTeam "Mednyi Vsadnik"]

{[%evp 19,100,44,47,42,41,42,49,60,54,53,53,35,53,54,62,66,83,65,120,41,72,62,62,62,58,58,55,58,60,61,99,102,122,89,133,120,100,102,130,31,52,33,63,9,6,0,0,-42,-22,-55,-49,-62,-60,-53,-52,-50,-55,-60,-45,-45,-40,-46,-37,-22,-29,-79,-22,-81,-30,-33,-30,-219,-206,-396,-384,-12797,-12797,-6826,-6079,-6079,-6079,-5658,-5529]} 1. d4 Nf6 2. c4 g6 3. f3 Nc6 4. d5 Ne5 5. e4 d6 6. Nc3 {E60: King's Indian: Unusual lines and Fianchetto Variation without Nc3} Bg7 7. f4 Ned7 8. Nh3 O-O 9. Be2 e6 10. dxe6 fxe6 {LiveBook: 7 Games} 11. Be3 b6 $146 12. O-O Bb7 13. Bf3 Rb8 14. Qc2 Qe7 15. Rad1 a6 16. b4 Ba8 17. a3 Bh6 18. Bc1 e5 (18... a5 $14) 19. Nd5 (19. f5 $16 Qg7 20. Ng5 Bxg5 21. Bxg5) 19... Bxd5 20. cxd5 exf4 21. Nxf4 Bxf4 22. Bxf4 Ne5 23. Be2 b5 24. Bg5 Rbc8 25. Qc1 c6 26. Kh1 h5 27. Qf4 {[%cal Rg5f6]} Ned7 28. dxc6 Rxc6 {[#]} 29. Qg3 (29. a4 $1 $16 {[%cal Ra4b5]} bxa4 30. b5) 29... Kh7 30. Bd3 Qe6 31. Qh4 (31. h3 $14) 31... Qg4 $11 32. a4 bxa4 33. b5 (33. Kg1 {seems wilder.} a3 34. Ra1 Rc3 35. Bxa6 Qxe4 36. Bxf6 Qe3+ 37. Kh1) 33... axb5 34. Bxb5 Rc5 35. Qxg4 hxg4 36. Bxd7 $1 Nxd7 37. Rxf8 Nxf8 $15 {[%mdl 4096] Endgame KRB-KRN} 38. Be7 Ne6 {And now ...a3 would win.} 39. Bxd6 Rc4 40. e5 g5 41. Rf1 Rf4 {[%cal Rf4f1]} 42. Kg1 Rxf1+ (42... Kg6 {with more complications.} 43. Ra1 Kf5 44. Rd1 Rc4 45. Rf1+ Ke4) 43. Kxf1 $17 {KB-KN} Kg6 44. Kf2 Kf5 45. Kg3 $2 (45. Ke3 $11 {and White is okay.}) 45... Nf4 $19 46. h3 $2 {[#]} (46. Kf2) 46... Nd3 $1 47. hxg4+ $2 (47. Be7 gxh3 48. gxh3) 47... Ke6 {Black is clearly winning.} 48. Bf8 Nxe5 49. Kf2 Nc4 50. Ke2 a3 {Precision: White = 46%, Black = 47%.} 0-1

[Event "33rd ECCC Open 2017"]
[Site "Antalya"]
[Date "2017.10.14"]
[Round "7"]
[White "Roiz, Michael"]
[Black "Danchevski, Orce"]
[Result "1-0"]
[WhiteElo "2604"]
[BlackElo "2367"]
[Annotator "TA"]
[PlyCount "49"]
[EventType "team-tourn"]
[EventCountry "TUR"]
[SourceTitle "playchess.com"]
[Source "ChessBase"]
[SourceQuality "1"]
[WhiteTeam "Beer Sheva"]
[BlackTeam "Asseco See"]

{[%evp 22,49,55,64,92,76,139,156,143,153,156,150,138,111,214,225,280,284,273,281,287,282,357,331,375,270,410,414,416,422]} 1. Nf3 d5 2. g3 c5 3. Bg2 Nf6 4. O-O Nc6 5. d4 e6 6. c4 Be7 7. dxc5 Bxc5 8. a3 O-O 9. b4 {[%cal Bb2b4,Bb4b5][%mdl 32]} Be7 10. Bb2 {E06: Katalanisch} Bd7 (10... a6 11. Qc2 Bd7 12. cxd5 Nxd5 13. Nc3 Nxc3 14. Bxc3 Bf6 15. Rfd1 Bxc3 16. Qxc3 Qe7 17. Ne5 Nxe5 18. Qxe5 {1-0 (72) Postny,E (2631)-Edouard,R (2657) Bastia 2013}) 11. Nbd2 Rc8 12. Rc1 {LiveBook: 6 Partien. Weiß steht etwas besser.} Nb8 $146 ({Vorgänger:} 12... dxc4 13. Nxc4 b5 14. Nd6 Rb8 15. Ne5 Nxe5 16. Bxe5 Rb6 17. Nb7 Qe8 {1-0 (33) Romanishin,O (2513)-Carlstedt,J (2346) Nettetal 2010}) 13. Ne5 a5 {[#]} (13... Be8 $142) 14. b5 $1 $16 Be8 15. a4 Nbd7 16. Nxd7 Bxd7 17. cxd5 Nxd5 {[#]} (17... exd5 $16 18. Rxc8 Bxc8) 18. Nc4 $1 $18 b6 19. Qd2 ({Nicht} 19. Bxd5 exd5 20. Qxd5 Bh3 $16) 19... Bc5 20. Rfd1 Rc7 21. Be5 Ra7 22. Bd4 Qe7 23. Bxc5 bxc5 (23... Qxc5 {ist wohl besser.} 24. Ne3 Qd6 25. Bxd5 (25. Nxd5 exd5 26. Bxd5 Qb8 $18) 25... exd5 26. Nxd5 (26. Qxd5 Qb8 $18) 26... Rb7) 24. e4 Nb4 25. Qd6 {Precision: Weiß = 80%, Schwarz = 17%.} 1-0